| 000 | 01018nmc a2200373 a 4500 | ||
|---|---|---|---|
| 003 | AR-BaBNM | ||
| 005 | 20251128210821.0 | ||
| 008 | 261020s2000 ||||||||||||||000 | spa|| | ||
| 020 | _a950-16-5300-5 | ||
| 040 | _cAR-BaBNM | ||
| 245 | 1 | 0 | _aSer humano. Libro pre-escolar |
| 250 | _a1ª ed. | ||
| 260 |
_aBuenos Aires _bTroquel _c2000 |
||
| 300 | 0 |
_a127 p. _bil., tablas |
|
| 490 | 0 | _aSer humano. Programa Troquel de educación integral | |
| 521 | _aINICIAL | ||
| 650 | 4 | _aACTIVIDADES DE APRENDIZAJE | |
| 650 | 4 | _aPROYECTOS | |
| 650 | 4 | _aIDENTIDAD | |
| 650 | 4 | _aDESARROLLO DE LA PERSONALIDAD | |
| 653 | 0 | _aEDUCACION EN VALORES | |
| 653 | 0 | _aTEMAS TRANSVERSALES | |
| 653 | 0 | _aESTRATEGIAS DIDACTICAS | |
| 653 | 0 | _aEDUCACION INICIAL | |
| 700 | 1 | _aGuibourg, Flavia | |
| 700 | 1 | _aDeni, Graciela | |
| 700 | 1 | _aBalza, Federico | |
| 700 | 1 | _aMarín, Irene | |
| 700 | 1 | _aMartínez, Alejandra | |
| 700 | 1 | _aSztamfater, Andrea | |
| 700 | 1 | _aSmibiansky, Mariana | |
| 942 | _cBK | ||
| 998 | _cRaquel | ||
| 999 |
_c17045 _d17045 |
||